000 00683nam a2200253Ia 4500
003 OSt
005 20220918223531.0
006 a|||||r|||| 00| 0
007 ta
008 220917b |||||||| |||| 00| 0 eng d
024 _a223,255
037 _cTextual
040 _aARTS
_cARTS
_beng
041 _2eng
_aeng
082 _aO111:g(R39N), P1
100 _aEaglestone Robert
_920571
245 0 _aPostmodernism and holocaust denial
260 _aU.K.
_bIcon book
_c2001
300 _a75p
_ccm.
490 _aPostmodern encounters
650 _aENGLISH LITERATURE
942 _hO111:g(R39N), P1
_cTEXL
_2CC
999 _c278717
_d278717